| 000 | 00510nam a2200169Ia 4500 | ||
|---|---|---|---|
| 008 | 240729s9999 xx 000 0 und d | ||
| 022 | _a2053-9711 | ||
| 245 | 0 | _aJournal of Law and the Biosciences | |
| 260 | _aUnited Kingdom | ||
| 260 | _bOxford University Press | ||
| 650 | _a Biology (General) | ||
| 650 | _a Law in general. Comparative and uniform law. Jurisprudence | Science | ||
| 650 | _aLaw | ||
| 856 | _uhttps://doaj.org/toc/ed02b8b7d07e45289f939e7846f5f018 | ||
| 942 | _2ddc | ||
| 942 | _cDOAJEJ | ||
| 999 |
_c66230 _d66230 |
||
| 945 |
_a1 _bMadushi Gamage _c1 _dMadushi Gamage |
||